000 00599nam a22001577a 4500
005 20120614130342.0
020 _a8171415229
_c00
035 _aB-21874
037 _aDPL
_bENG
100 _aManjuvani, E.
_949069
245 _aInfluence of home and school environment on mental health of children /
_cby E. Manjuvani
260 _aNew Delh
_bDiscovery Publishing House
_c2000
300 _avii, 187p.
_c20 cms.
942 _2ddc
_cEN
_h362.2
_mMAN
999 _c67918
_d67918